LIBRARY & INFORMATION CENTRE, KCAET, TAVANUR

ONLINE PUBLIC ACCESS CATALOGUE (OPAC)

Career`s guide to Indian forest service exam / (Record no. 8008)

MARC details
000 -LEADER
fixed length control field 00428cam a2200169ua 4500
003 - CONTROL NUMBER IDENTIFIER
control field OSt
008 - FIXED-LENGTH DATA ELEMENTS--GENERAL INFORMATION
fixed length control field 240203b |||||||| |||| 00| 0 eng d
041 ## - LANGUAGE CODE
Language code of text/sound track or separate title eng
082 ## - DEWEY DECIMAL CLASSIFICATION NUMBER
Classification number 634.9
Item number BRI/IN
100 ## - MAIN ENTRY--AUTHOR NAME
Personal name Ajaz, S M .
245 ## - TITLE STATEMENT
Title Career`s guide to Indian forest service exam /
250 ## - EDITION STATEMENT
Edition statement 28 /
260 ## - PUBLICATION, DISTRIBUTION, ETC. (IMPRINT)
Place of publication :
Name of publisher Bright careers institute ,
Year of publication 1998.
300 ## - PHYSICAL DESCRIPTION
Number of Pages 914 ; .
700 1# - ADDED ENTRY--PERSONAL NAME
Personal name Phull, D S .
942 ## - ADDED ENTRY ELEMENTS (KOHA)
Koha item type Books
Holdings
Withdrawn status Lost status Damaged status Home library Current library Date acquired Full call number Accession Number Koha item type
      KAUAET   07/04/2012 351.82338 19392 Books
      KAUAET KAUAET 07/04/2012 634.9 BRI/IN 22123 Books
free website counter